000 00883nam a22002057a 4500
005 20250710145610.0
008 250710b |||||||| |||| 00| 0 eng d
020 _a978-81-7975-669-0(hbk)
037 _cTB
040 _aCRL
_cCRL
084 _aO152,3N012w Q5
_qCRL
100 _aबेनीपुरी, श्रीरामवृक्ष
_9815341
245 _aमुझे याद है
260 _aनई दिल्ली, भारत:
_bअनामिका पब्लिर्शस,
_c2015.
300 _a167पृ0
365 _b350.00
_cINR
700 _aबेनीपुरी,महेन्द्र
_eEditor
_9815342
942 _2CC
_cTB
_hO152,3N012w Q5
_n0
999 _c1433560
_d1433560